Ultrasound technologies for food and bioprocessing / (رقم التسجيلة. 14036)
[ عرض عادي ]
| 000 -الفاتح | |
|---|---|
| حقل البيانات ثابتة الطول | 01474cam a22003855a 4500 |
| 001 - رقم الضبط | |
| رقم الضبط | 16871791 |
| 003 - محدد رقم الضبط | |
| رقم الضبط | OSt |
| 005 - وقت وتاريخ اخر تعامل مع التسجيلة | |
| رقم الضبط | 20150408113916.0 |
| 008 - عناصر البيانات ثابتة الطول - معلومات عامة | |
| حقل البيانات ثابتة الطول | 110714s2011 nyua b 001 0 eng d |
| 010 ## - رقم ضبط مكتبة الكونجرس | |
| رقم ضبط مكتبة الكونجرس | 2011283119 |
| 020 ## - الرقم الدولى المعيارى للكتب | |
| الرقم الدولى المعيارى للكتاب | 9781441974716 |
| 020 ## - الرقم الدولى المعيارى للكتب | |
| الرقم الدولى المعيارى للكتاب | 1441974717 |
| 035 ## - رقم ضبط النظام | |
| رقم ضبط النظام | (OCoLC)ocn707710649 |
| 040 ## - مصدر الفهرسة | |
| وكالة الفهرسة الأصلية | SISPL |
| وكالة النسخ | SISPL |
| وكالة التعديل | SISPL |
| -- | SDB |
| -- | DLC |
| 042 ## - رمز التحقق | |
| رمز التحقق | lccopycat |
| 082 ## - رقم تصنيف ديوى العشرى | |
| رقم الطبعة | 21 |
| رقم التصنيف | 620.28 |
| رقم المادة | ULT |
| 245 00 - بيان العنوان | |
| العنوان | Ultrasound technologies for food and bioprocessing / |
| بيان المسئوليه,etc | Hao Feng, Gustavo V. Barbosa-Cánovas, Jochen Weiss, editors. |
| 260 ## - PUBLICATION, DISTRIBUTION, ETC. (IMPRINT) | |
| مكان الناشر او الموزع | New York : |
| اسم الناشر او الموزع | Springer, |
| تاريخ النشر أو التوزيع | c2011. |
| 300 ## - الوصف المادى | |
| التعداد | xii, 665 p. : |
| تفاصيل ماديه اخرى للوعاء | ill. (some col.) ; |
| أبعاد الوعاء | 25 cm. |
| 490 1# - بيان السلسلة | |
| عنوان السلسلة | Food engineering series |
| 504 ## - تبصرة ببليوجرافية | |
| تبصرة ببليوجرافية,الخ | Includes bibliographical references and index. |
| 650 #0 - المدخل الاضافى بالموضوع-مصطلح موضوعى | |
| مصطلح موضوعي أو اسم جغرافي كعنصر مدخل | Ultrasonic waves |
| التقسيم الفرعي العام | Industrial applications. |
| 9 (RLIN) | 3787 |
| 650 #0 - المدخل الاضافى بالموضوع-مصطلح موضوعى | |
| مصطلح موضوعي أو اسم جغرافي كعنصر مدخل | Food industry and trade. |
| 9 (RLIN) | 3788 |
| 650 #0 - المدخل الاضافى بالموضوع-مصطلح موضوعى | |
| مصطلح موضوعي أو اسم جغرافي كعنصر مدخل | Biochemical engineering. |
| 9 (RLIN) | 3789 |
| 650 #0 - المدخل الاضافى بالموضوع-مصطلح موضوعى | |
| مصطلح موضوعي أو اسم جغرافي كعنصر مدخل | Microbiology. |
| 9 (RLIN) | 3781 |
| 700 1# - المدخل الاضافى - اسم شخصى | |
| الإسم الشخصى | Feng, Hao. |
| 9 (RLIN) | 3790 |
| 700 1# - المدخل الاضافى - اسم شخصى | |
| الإسم الشخصى | Barbosa-Cánovas, Gustavo V. |
| 9 (RLIN) | 3791 |
| 700 1# - المدخل الاضافى - اسم شخصى | |
| الإسم الشخصى | Weiss, Jochen. |
| 9 (RLIN) | 3792 |
| 830 #0 - المدخل الاضافى بالسلسلة -عنوان موحد | |
| عنوان موحد | Food engineering series. |
| 9 (RLIN) | 3793 |
| 856 42 - الوصول و الموقع الالكترونى | |
| مواد محددة | Publisher description |
| معرف المصدر الموحد | <a href="http://www.loc.gov/catdir/enhancements/fy1114/2011283119-d.html">http://www.loc.gov/catdir/enhancements/fy1114/2011283119-d.html</a> |
| 856 41 - الوصول و الموقع الالكترونى | |
| مواد محددة | Table of contents only |
| معرف المصدر الموحد | <a href="http://www.loc.gov/catdir/enhancements/fy1114/2011283119-t.html">http://www.loc.gov/catdir/enhancements/fy1114/2011283119-t.html</a> |
| 906 ## - عنصر بيانات محلى F, LDF (RLIN) | |
| a | 0 |
| b | ibc |
| c | copycat |
| d | 2 |
| e | ncip |
| f | 20 |
| g | y-gencatlg |
| 942 ## - عناصر المدخل الإضافي( كوها) | |
| مصدر التصنيف او مخطط الترفيف | Dewey Decimal Classification |
| Koha [default] item type | DVD |
| حالة الفقد | نموذج السعر الفعال | حالة تلف | ليس للاعارة | رقم الطلب | تاريخ الاكتساب | الموقع الحالي | الباركود | الفرع الرئيسي | Date last seen | نوع المادة فى نظام كوها | مصدر التصنيف او خطة الترفيف | Total Checkouts |
|---|---|---|---|---|---|---|---|---|---|---|---|---|
| 2013-03-10 | 620.28 ULT | 2011-09-04 | مكتبة مجمع الطالبات بالمجمعة (EMF) | 00101891 | مكتبة مجمع الطالبات بالمجمعة (EMF) | 2013-03-10 | كتاب | Dewey Decimal Classification | ||||
| 2013-03-10 | 620.28 ULT | 2011-09-04 | مكتبة مجمع الطالبات بالمجمعة (EMF) | 00101892 | مكتبة مجمع الطالبات بالمجمعة (EMF) | 2013-03-10 | كتاب | Dewey Decimal Classification |
